| 000 | 00639nam a2200193 a 4500 | ||
|---|---|---|---|
| 001 | 3596 | ||
| 003 | CDMR | ||
| 005 | 20131106124515.0 | ||
| 008 | 130130s1976||||||||||||||||||||||||||||d | ||
| 040 |
_aCDMR _bcat _cCDMR |
||
| 100 | 1 |
_aPetrusenko, Vitaly _978 |
|
| 245 | 1 | 4 |
_aThe monopoly press _b: or how American journalism found itself in the vicious circle of the "crisis of credibility" _cVitaly Petrusenko |
| 260 |
_aPraga _c1976 _bInternational Organization of Journalists |
||
| 300 | _a143 p. | ||
| 650 | 0 | 4 |
_9257 _aPremsa _zEstats Units |
| 650 | 0 | 4 |
_93470 _aPremsa i polĂtica |
| 650 | 0 | 4 |
_93219 _aPeriodisme _xObjectivitat |
| 942 |
_cMON _2udc |
||
| 999 |
_c3596 _d3596 |
||